Statistics for 90 secs Countries of the World: by 2nd and 3rd Letter

Click here to take the quiz!

General Stats

  • This quiz has been taken 4,926 times
  • The average score is 79 of 196

Answer Stats

COUNTRY% Correct
Bangladesh
81%
Canada
81%
Panama
81%
San Marino
81%
Tanzania
81%
Vanuatu
81%
Brazil
74%
France
74%
Iran
74%
Iraq
74%
Australia
72%
Austria
72%
Russia
72%
United Arab Emirates
71%
United Kingdom
71%
United States
71%
Jordan
70%
Morocco
70%
North Korea
70%
Norway
70%
Portugal
70%
Germany
67%
Peru
67%
Serbia
67%
Benin
64%
Central African Republic
64%
Denmark
64%
Kenya
64%
Senegal
64%
Venezuela
64%
Chile
59%
China
59%
Philippines
59%
Cambodia
58%
Cameroon
58%
Gambia
58%
Jamaica
58%
Namibia
58%
Samoa
58%
Zambia
58%
Andorra
57%
Bolivia
57%
Colombia
57%
India
57%
Indonesia
57%
Moldova
57%
Poland
57%
Solomon Islands
57%
Finland
54%
Malawi
54%
Malaysia
54%
Maldives
54%
Mali
54%
Malta
54%
Palau
54%
Singapore
54%
Honduras
53%
Monaco
53%
Mongolia
53%
Montenegro
53%
Tonga
53%
Barbados
51%
Marshall Islands
51%
Paraguay
51%
Belarus
50%
Belgium
50%
Belize
50%
Greece
50%
Grenada
50%
Ireland
50%
Cape Verde
49%
Japan
49%
Papua New Guinea
49%
Comoros
46%
Dominica
46%
Dominican Republic
46%
Romania
46%
Somalia
46%
Afghanistan
45%
Latvia
45%
Qatar
45%
Vatican City
45%
Burkina Faso
44%
Burma
44%
Burundi
44%
Haiti
44%
Saint Kitts and Nevis
44%
Saint Lucia
44%
Saint Vincent and the Grenadines
44%
South Africa
44%
South Korea
44%
South Sudan
44%
Suriname
44%
Taiwan
44%
Turkey
44%
Turkmenistan
44%
Mauritania
40%
Mauritius
40%
Nauru
40%
Saudi Arabia
40%
Hungary
38%
Tunisia
38%
Bosnia and Herzegovina
37%
Chad
37%
Costa Rica
37%
Ghana
37%
Kosovo
37%
Sweden
37%
Thailand
37%
Albania
36%
Democratic Republic of the Congo
36%
Spain
36%
Yemen
36%
Azerbaijan
35%
Czech Republic
35%
Argentina
34%
East Timor
33%
Mexico
32%
Netherlands
32%
Algeria
31%
Bahamas
31%
Bahrain
31%
Brunei
31%
Italy
31%
Uruguay
31%
Eritrea
29%
Sri Lanka
29%
Trinidad and Tobago
29%
Lithuania
27%
Armenia
26%
Kazakhstan
26%
Liechtenstein
26%
Sierra Leone
26%
Vietnam
26%
Angola
25%
New Zealand
25%
Estonia
24%
Iceland
24%
Botswana
23%
Côte d'Ivoire
23%
Croatia
23%
Egypt
23%
Madagascar
23%
Zimbabwe
23%
Cuba
22%
Gabon
22%
Kiribati
22%
Laos
22%
Lesotho
22%
Nicaragua
22%
Pakistan
22%
São Tomé and Príncipe
22%
Bulgaria
21%
Guatemala
21%
Nepal
21%
Niger
21%
Nigeria
21%
Republic of the Congo
21%
Oman
20%
Slovakia
20%
Slovenia
20%
Guinea
19%
Guinea-Bissau
19%
Liberia
19%
Libya
19%
Macedonia
19%
Switzerland
19%
Bhutan
18%
Ecuador
18%
Antigua and Barbuda
16%
Federated States of Micronesia
16%
Rwanda
16%
Swaziland
16%
Djibouti
15%
Ethiopia
15%
Fiji
15%
Israel
15%
Kyrgyzstan
15%
Syria
15%
Tajikistan
15%
Ukraine
15%
Cyprus
14%
El Salvador
14%
Lebanon
14%
Luxembourg
14%
Georgia
13%
Guyana
13%
Togo
13%
Sudan
12%
Equatorial Guinea
9%
Kuwait
9%
Seychelles
9%
Uzbekistan
9%
Uganda
8%
Tuvalu
7%
Mozambique
6%

Score Distribution

Percentile by Number Answered

Percent of People with Each Score

Your Score History

You have not taken this quiz